<?xml version="1.0" encoding="UTF-8"?>
<record
    xmlns:xsi="http://www.w3.org/2001/XMLSchema-instance"
    xsi:schemaLocation="http://www.loc.gov/MARC21/slim http://www.loc.gov/standards/marcxml/schema/MARC21slim.xsd"
    xmlns="http://www.loc.gov/MARC21/slim">

  <leader>01281nam a22002657a 4500</leader>
  <controlfield tag="005">20170124103132.0</controlfield>
  <datafield tag="010" ind1=" " ind2=" ">
    <subfield code="a">B-144502</subfield>
  </datafield>
  <datafield tag="020" ind1=" " ind2=" ">
    <subfield code="c">125.00</subfield>
    <subfield code="a">8187963209</subfield>
  </datafield>
  <datafield tag="035" ind1=" " ind2=" ">
    <subfield code="a">B-144502</subfield>
  </datafield>
  <datafield tag="037" ind1=" " ind2=" ">
    <subfield code="b">Cen Lib/Ret</subfield>
  </datafield>
  <datafield tag="040" ind1=" " ind2=" ">
    <subfield code="a">DPL</subfield>
    <subfield code="b">HN</subfield>
  </datafield>
  <datafield tag="082" ind1=" " ind2=" ">
    <subfield code="a">398.2</subfield>
    <subfield code="b">&#x915;&#x94C;&#x936;&#x93F;&#x915; </subfield>
  </datafield>
  <datafield tag="100" ind1=" " ind2=" ">
    <subfield code="a">&#x915;&#x94C;&#x936;&#x93F;&#x915;, &#x91C;&#x92F; &#x928;&#x93E;&#x930;&#x93E;&#x92F;&#x923; </subfield>
    <subfield code="9">43705</subfield>
  </datafield>
  <datafield tag="245" ind1=" " ind2=" ">
    <subfield code="a">&#x932;&#x94B;&#x915; &#x938;&#x93E;&#x939;&#x93F;&#x924;&#x94D;&#x92F; &#x914;&#x930; &#x938;&#x902;&#x938;&#x94D;&#x915;&#x93E;&#x930; &#x938;&#x902;&#x938;&#x94D;&#x915;&#x943;&#x924;&#x93F; /</subfield>
    <subfield code="c">&#x91C;&#x92F; &#x928;&#x93E;&#x930;&#x93E;&#x92F;&#x923; &#x915;&#x94C;&#x936;&#x93F;&#x915; [&#x914;&#x930;] &#x935;&#x93F;&#x92E;&#x932;&#x93E; &#x915;&#x94C;&#x936;&#x93F;&#x915; </subfield>
  </datafield>
  <datafield tag="246" ind1=" " ind2=" ">
    <subfield code="a">Lok sahitye aur sanskar sanskriti /</subfield>
    <subfield code="b">by Jay Narayan Kaushik [aur] Vimla Kaushik </subfield>
  </datafield>
  <datafield tag="260" ind1=" " ind2=" ">
    <subfield code="a">&#x926;&#x93F;&#x932;&#x94D;&#x932;&#x940; </subfield>
    <subfield code="b">&#x907;&#x902;&#x935;&#x930;&#x941;&#x923; &#x92A;&#x94D;&#x930;&#x915;&#x93E;&#x936;&#x928; </subfield>
    <subfield code="c">2004</subfield>
  </datafield>
  <datafield tag="270" ind1=" " ind2=" ">
    <subfield code="a">28/64, &#x917;&#x932;&#x940; &#x928;&#x902;.15, &#x935;&#x93F;&#x936;&#x94D;&#x935;&#x93E;&#x938; &#x928;&#x917;&#x930; </subfield>
    <subfield code="b">&#x926;&#x93F;&#x932;&#x94D;&#x932;&#x940; </subfield>
    <subfield code="e">110032</subfield>
  </datafield>
  <datafield tag="300" ind1=" " ind2=" ">
    <subfield code="a">120&#x92A;&#x943;. </subfield>
    <subfield code="c">20&#x938;&#x947;&#x92E;&#x940;(&#x938;&#x91C;&#x93F;&#x932;&#x94D;&#x926;)</subfield>
  </datafield>
  <datafield tag="650" ind1=" " ind2=" ">
    <subfield code="a">&#x932;&#x94B;&#x915; &#x938;&#x93E;&#x939;&#x93F;&#x924;&#x94D;&#x92F; -- &#x935;&#x93F;&#x935;&#x93E;&#x939; &#x938;&#x902;&#x938;&#x94D;&#x915;&#x93E;&#x930; </subfield>
    <subfield code="9">84387</subfield>
  </datafield>
  <datafield tag="650" ind1=" " ind2=" ">
    <subfield code="a">&#x932;&#x94B;&#x915; &#x938;&#x93E;&#x939;&#x93F;&#x924;&#x94D;&#x92F; -- &#x936;&#x948;&#x936;&#x935; &#x938;&#x902;&#x938;&#x94D;&#x915;&#x93E;&#x930; </subfield>
    <subfield code="9">84388</subfield>
  </datafield>
  <datafield tag="650" ind1=" " ind2=" ">
    <subfield code="a">Folklore - nuptials</subfield>
    <subfield code="9">84389</subfield>
  </datafield>
  <datafield tag="650" ind1=" " ind2=" ">
    <subfield code="a">Folklore - childhood rite</subfield>
    <subfield code="9">84390</subfield>
  </datafield>
  <datafield tag="700" ind1=" " ind2=" ">
    <subfield code="a">&#x915;&#x94C;&#x936;&#x93F;&#x915;, &#x935;&#x93F;&#x92E;&#x932;&#x93E; </subfield>
    <subfield code="9">84391</subfield>
  </datafield>
  <datafield tag="942" ind1=" " ind2=" ">
    <subfield code="2">ddc</subfield>
    <subfield code="c">HN</subfield>
    <subfield code="h">398.2</subfield>
    <subfield code="m">&#x915;&#x94C;&#x936;&#x93F;&#x915; </subfield>
  </datafield>
  <datafield tag="999" ind1=" " ind2=" ">
    <subfield code="c">119330</subfield>
    <subfield code="d">119330</subfield>
  </datafield>
  <datafield tag="952" ind1=" " ind2=" ">
    <subfield code="0">0</subfield>
    <subfield code="1">0</subfield>
    <subfield code="4">0</subfield>
    <subfield code="7">0</subfield>
    <subfield code="a">L</subfield>
    <subfield code="b">L</subfield>
    <subfield code="d">2015-09-16</subfield>
    <subfield code="e">Cen Lib/Ret</subfield>
    <subfield code="g">125.00</subfield>
    <subfield code="l">1</subfield>
    <subfield code="o">398.2 &#x915;&#x94C;&#x936;&#x93F;&#x915;</subfield>
    <subfield code="p">B-144502</subfield>
    <subfield code="r">2024-11-13 00:00:00</subfield>
    <subfield code="s">2024-10-30</subfield>
    <subfield code="t">1</subfield>
    <subfield code="v">125.00</subfield>
    <subfield code="w">2015-09-16</subfield>
    <subfield code="y">HN</subfield>
  </datafield>
</record>
